000 00624nam a2200217 a 4500
001 19100
003 CO-ViMGA
008 141112s2004 ck r 000 u spa d
020 _a968165921X
040 _aCO-ViMGA
_bspa
_cCO-ViMGA
082 0 4 _a535 C377l
100 1 _aCetto, Ana Maria
_927389
245 1 0 _aLa Luz :
_bCiencia para todos
260 _aMexico :
_bFondo de Cultura Ecónomica; 1999
300 _a130 p.
490 _aLa Ciencia para todos/ 32
590 _aForma de adquisición : Premio Mincultura - - Precio : 20.700
650 1 4 _aFENOMENOS OPTICOS - FISICA
_927390
650 1 4 _aLUZ
942 _2ddc
_cBK
999 _c28273
_d28273